000 01211nam a2200289 4500
003 EC-UNACH
006 s||||gr|||| 00| 00
008 150116t9999 mx r gr 000 0 spa d
020 _a978-612-45425-1-0
040 _aEC-UNACH
_cEC-UNACH
041 _aspa
082 0 4 _223
_a869
_bL018652
100 _aGonzales, Guissela
245 _aEl dolor Americano
_bLiteratura y periodismo en Gamaliel Churata
250 _aPrimera Edición
264 _aLima
_bTalleres Gráficos de la Asociación Fondo de Investigadores y Editores
_c2009
300 _a472 paginas
_c21 cm.
500 _aLa obra de Churata aun esta por conocerse cabalmente, sigue siendo un desafío y la tarea pendiente es la de investigar en diversos lugares
505 _aEsta tierra que duele es la América.- Escritos de Gamaliel Churata.- Cuando yo me llamaba Juan Cajal.- Es hora de que se haga algo trascendental.- Pensamiento y acción.- He aquí una generación nueva que rejuvenece.- El pez de oro
650 _aHISTORIA
650 _aFILOSOFIA
650 _aPROBLEMAS ONTOLOGICOS
942 _2ddc
_c1
999 _c14462